[Event "Heusenstamm Sparkassen op-A 6th"]
[Site "Heusenstamm"]
[Date "2019.11.22"]
[Round "2"]
[White "Niedenthal, Robert"]
[Black "Ohler, Julius"]
[Result "0-1"]
[WhiteElo "1686"]
[BlackElo "1884"]
[PlyCount "70"]
[EventDate "2019.11.21"]
[EventType "swiss"]
[EventRounds "7"]
[EventCountry "GER"]
[SourceTitle "CBM 194 Extra"]
[Source "ChessBase"]
[SourceDate "2020.03.31"]
[SourceVersion "1"]
[SourceVersionDate "2020.03.31"]
[SourceQuality "1"]

1. c4 e5 2. Nc3 Nf6 3. Nf3 Nc6 4. e4 Bc5 5. Nxe5 Nxe5 6. d4 Bb4 7. dxe5 Nxe4 8. Qd3 Nxc3 9. bxc3 Bc5 10. Be3 Bxe3 11. Qxe3 0-0 12. Bd3 Re8 13. 0-0 d6 14. f4 Qe7 15. Rae1 dxe5 16. fxe5 Be6 17. Qe4 g6 18. Kh1 Rad8 19. Qe3 Qd7 20. Be2 Qa4 21. Qe4 b6 22. h4 Bf5 23. Rxf5 gxf5 24. Qxf5 Qc6 25. Bh5 Qe6 26. Qg5+ Kh8 27. Qf4 Re7 28. Bg4 Qg6 29. h5 Qg7 30. h6 Qg6 31. Kg1 Rg8 32. Bh3 Qg5 33. Qd4 Qxh6 34. Re3 Qg7 35. Qf4 Re6 0-1

[Event "Vellmar op 11th"]
[Site "Vellmar"]
[Date "2019.07.05"]
[Round "3"]
[White "Niedenthal, Robert"]
[Black "Ullmann, Ralf"]
[Result "1-0"]
[WhiteElo "1682"]
[BlackElo "1830"]
[PlyCount "51"]
[EventDate "2019.07.04"]
[EventType "swiss"]
[EventRounds "7"]
[EventCountry "GER"]
[SourceTitle "CBM 191 Extra"]
[Source "ChessBase"]
[SourceDate "2019.09.30"]
[SourceVersion "1"]
[SourceVersionDate "2019.09.30"]
[SourceQuality "1"]

1. c4 Nf6 2. Nc3 g6 3. g3 Bg7 4. Bg2 d6 5. e4 Nbd7 6. Nge2 c6 7. 0-0 Qc7 8. b3 Nc5 9. d4 Ncd7 10. h3 0-0 11. Be3 a6 12. Rc1 e5 13. f4 Re8 14. c5 exd4 15. cxd6 Qa5 16. Bxd4 h6 17. e5 Nh7 18. Na4 Nhf8 19. Bc3 Qd8 20. Qd2 Re6 21. Ba5 Qe8 22. Nd4 Rxe5 23. fxe5 Qxe5 24. Bc3 Qxg3 25. Nf3 Nf6 26. Be5 1-0

[Event "Pfalz op-B 10th"]
[Site "Neustadt an der Weinstrasse"]
[Date "2019.03.02"]
[Round "2"]
[White "Niedenthal, Robert"]
[Black "Gaul, Alexander"]
[Result "0-1"]
[WhiteElo "1696"]
[BlackElo "1846"]
[PlyCount "60"]
[EventDate "2019.03.01"]
[EventType "swiss"]
[EventRounds "7"]
[EventCountry "GER"]
[SourceTitle "CBM 189 Extra"]
[Source "ChessBase"]
[SourceDate "2019.06.03"]
[SourceVersion "1"]
[SourceVersionDate "2019.06.03"]
[SourceQuality "1"]

1. g3 d5 2. Bg2 e5 3. e3 Nf6 4. Ne2 Bg4 5. h3 Bh5 6. 0-0 c6 7. d3 Bd6 8. g4 Bg6 9. Ng3 h5 10. g5 Nfd7 11. e4 h4 12. Nf5 Bxf5 13. exf5 Qc7 14. Nc3 Na6 15. a3 0-0-0 16. b4 Nb6 17. Qg4 Qd7 18. b5 Nc5 19. a4 g6 20. bxc6 bxc6 21. a5 gxf5 22. Qe2 Na8 23. Ba3 Rdg8 24. Rfb1 Rxg5 25. d4 Rhg8 26. Bxc5 Rxg2+ 27. Kh1 f4 28. Qf3 R2g3 29. fxg3 Qxh3+ 30. Kg1 Rxg3+ 0-1

[Event "Wiesbaden op 29th"]
[Site "Wiesbaden"]
[Date "2017.08.26"]
[Round "4"]
[White "Boder, Jan"]
[Black "Niedenthal, Robert"]
[Result "0-1"]
[WhiteElo "1808"]
[BlackElo "1707"]
[PlyCount "84"]
[EventDate "2017.08.24"]
[EventType "swiss"]
[EventRounds "7"]
[EventCountry "GER"]
[SourceTitle "CBM 180 Extra"]
[Source "ChessBase"]
[SourceDate "2017.10.06"]
[SourceVersion "1"]
[SourceVersionDate "2017.10.06"]
[SourceQuality "1"]

1. c4 c5 2. g3 Nc6 3. Bg2 g6 4. e4 Bg7 5. Ne2 e6 6. Nbc3 Nge7 7. d3 0-0 8. 0-0 a6 9. f4 Nd4 10. Be3 Nec6 11. h3 Rb8 12. a4 d6 13. g4 Nxe2+ 14. Qxe2 Nd4 15. Bxd4 Bxd4+ 16. Kh2 Qh4 17. f5 Be5+ 18. Kg1 Bd4+ 19. Kh1 Bd7 20. Qf3 Bc6 21. f6 Be5 22. Ra2 Rbd8 23. Raa1 Rd7 24. a5 Rfd8 25. Rae1 h6 26. Re2 Kh7 27. Na2 d5 28. exd5 exd5 29. Rxe5 dxc4 30. Qf2 Qxh3+ 31. Kg1 Qxg4 32. Kh2 Rxd3 33. Rfe1 R8d4 34. R1e2 Rf4 35. Qe1 Rxf6 36. Nc3 Bxg2 37. Rxg2 Rh3+ 38. Kg1 Qd4+ 39. Rf2 Rxf2 40. Qxf2 Rh1+ 41. Kg2 Rh2+ 42. Kxh2 Qxf2+ 0-1

[Event "Wiesbaden op 29th"]
[Site "Wiesbaden"]
[Date "2017.08.24"]
[Round "1"]
[White "Niedenthal, Robert"]
[Black "Eveleens, Wim"]
[Result "1/2-1/2"]
[WhiteElo "1707"]
[BlackElo "2059"]
[PlyCount "60"]
[EventDate "2017.08.24"]
[EventType "swiss"]
[EventRounds "7"]
[EventCountry "GER"]
[SourceTitle "CBM 180 Extra"]
[Source "ChessBase"]
[SourceDate "2017.10.06"]
[SourceVersion "1"]
[SourceVersionDate "2017.10.06"]
[SourceQuality "1"]

1. c4 f5 2. Nc3 Nf6 3. d3 e5 4. e3 Nc6 5. g3 Bc5 6. Bg2 0-0 7. a3 a5 8. Nge2 d6 9. 0-0 Qe8 10. Nd5 Qf7 11. Rb1 Nd8 12. b4 axb4 13. axb4 Ba7 14. Nec3 Ne6 15. Nb5 Bb8 16. Nbc3 Nd7 17. b5 Kh8 18. f4 Ba7 19. Kh1 exf4 20. exf4 Bd4 21. Ne2 Bf6 22. Nxf6 Nxf6 23. Ng1 Nc5 24. Bb2 Bd7 25. Re1 Rfe8 26. Qc2 Ng4 27. Bd4 Ne6 28. Ba1 Nc5 29. Bd4 Ne6 30. Ba1 Nc5 1/2-1/2

[Event "Heusenstamm Sparkassen op-A 3rd"]
[Site "Heusenstamm"]
[Date "2016.11.27"]
[Round "5"]
[White "Niedenthal, Robert"]
[Black "Koellner, Felicitas Ophelia"]
[Result "1-0"]
[WhiteElo "1744"]
[BlackElo "1670"]
[PlyCount "121"]
[EventDate "2016.11.24"]
[EventType "swiss"]
[EventRounds "7"]
[EventCountry "GER"]
[SourceTitle "EXT 2018"]
[Source "ChessBase"]
[SourceDate "2017.10.13"]
[SourceVersion "1"]
[SourceVersionDate "2017.10.13"]
[SourceQuality "1"]

1. c4 c6 2. e4 e5 3. Nf3 d6 4. Nc3 Nf6 5. Be2 Be7 6. 0-0 0-0 7. d4 Nbd7 8. b3 Re8 9. Bb2 Bf8 10. Qc2 Qc7 11. Rac1 h6 12. Rfd1 a5 13. Qb1 Qb8 14. Bf1 Nh5 15. g3 exd4 16. Nxd4 Ne5 17. Bg2 Bg4 18. f3 Bc8 19. Nce2 Nf6 20. h3 Nfd7 21. f4 Ng6 22. Kh2 Nc5 23. Nc3 Qc7 24. Qc2 Ne7 25. a3 Ne6 26. Qd2 Nxd4 27. Qxd4 Ng6 28. Rf1 Bd7 29. Rce1 Rad8 30. Na4 Bc8 31. Qf2 Qe7 32. Nc3 Qd7 33. Rd1 Qc7 34. Ne2 b6 35. Bd4 c5 36. Bb2 Bb7 37. Nc3 Bc6 38. h4 Qd7 39. h5 Ne7 40. f5 f6 41. Qf4 Nc8 42. a4 Na7 43. Qg4 Qf7 44. Ne2 Bd7 45. Nf4 Nc6 46. Nd5 Rb8 47. Nxf6+ Kh8 48. Nxe8 Rxe8 49. Rd5 Nb4 50. Rd2 Bc6 51. Rf4 Be7 52. Rf1 Bg5 53. Rxd6 Qe7 54. Re6 Qd7 55. Rd1 Qf7 56. Rdd6 Rxe6 57. fxe6 Qf2 58. e7 Qxb2 59. Rd8+ Kh7 60. Qf5+ g6 61. Qxg6# 1-0

[Event "Wiesbaden op 27th"]
[Site "Wiesbaden"]
[Date "2015.08.29"]
[Round "5"]
[White "Niedenthal, Robert"]
[Black "Triantafillidis, Simeon"]
[Result "1-0"]
[WhiteElo "1811"]
[BlackElo "1513"]
[PlyCount "98"]
[EventDate "2015.08.27"]
[EventType "swiss"]
[EventRounds "7"]
[EventCountry "GER"]
[SourceTitle "EXT 2016"]
[Source "ChessBase"]
[SourceDate "2015.10.08"]
[SourceVersion "1"]
[SourceVersionDate "2015.10.08"]
[SourceQuality "1"]

1. c4 e5 2. Nc3 Nf6 3. Nf3 Nc6 4. e4 Bc5 5. Nxe5 Nxe5 6. d4 Bd6 7. c5 Bxc5 8. dxe5 Ng8 9. Qg4 g6 10. Bc4 d5 11. Bb5+ c6 12. Qf3 Bd4 13. Ba4 b5 14. Bb3 a5 15. a3 a4 16. Ba2 Qa5 17. 0-0 Bb7 18. Rd1 Bxc3 19. bxc3 Ne7 20. Bg5 Qc7 21. Qf6 Rf8 22. Bh6 Ng8 23. Qf4 Nxh6 24. Qxh6 0-0-0 25. Qg5 h6 26. Qf6 Rfe8 27. exd5 cxd5 28. f4 g5 29. Re1 gxf4 30. Qxf4 Rg8 31. Qd4 Qe7 32. Bb1 Qg5 33. g3 h5 34. Bd3 h4 35. Re3 hxg3 36. Rxg3 Qh5 37. Qf4 Rxg3+ 38. hxg3 Rh8 39. Qf5+ Kb8 40. Qxh5 Rxh5 41. Re1 Rg5 42. Kf2 Bc6 43. e6 fxe6 44. Rxe6 Kc7 45. Rg6 Rh5 46. Ke3 Rh2 47. Kd4 Ra2 48. Kc5 Bd7 49. Rg7 Rb2 1-0

[Event "GER-chB Seniors 27th"]
[Site "Magdeburg"]
[Date "2015.08.18"]
[Round "4"]
[White "Niedenthal, Robert"]
[Black "Pamperin, Gerhard"]
[Result "0-1"]
[WhiteElo "1811"]
[BlackElo "1948"]
[PlyCount "80"]
[EventDate "2015.08.15"]
[EventType "swiss"]
[EventRounds "9"]
[EventCountry "GER"]
[SourceTitle "EXT 2018"]
[Source "ChessBase"]
[SourceDate "2017.10.13"]
[SourceVersion "1"]
[SourceVersionDate "2017.10.13"]
[SourceQuality "1"]

1. c4 e6 2. Nf3 d5 3. g3 Nf6 4. Bg2 c5 5. 0-0 Nc6 6. b3 Be7 7. Bb2 0-0 8. d4 dxc4 9. bxc4 Qb6 10. Qb3 Na5 11. Qxb6 axb6 12. Nbd2 Rd8 13. e3 Nc6 14. a3 Bd7 15. Ne5 Be8 16. Ndf3 Ne4 17. Rfd1 Na5 18. Bf1 f6 19. Bd3 Nd6 20. dxc5 bxc5 21. Be2 fxe5 22. Nxe5 Bf6 23. Rac1 Nc6 24. f4 Nf7 25. Bf3 Nfxe5 26. fxe5 Nxe5 27. Bxb7 Rab8 28. Bxe5 Bxe5 29. Bf3 Bb2 30. Rb1 Bxa3 31. Kg2 Bb4 32. Bg4 Kf7 33. Kf3 Kf6 34. h4 Ke5 35. Ke2 Bc6 36. Ra1 Rxd1 37. Rxd1 Ra8 38. Kf1 Ra3 39. Ke2 Ra2+ 40. Kf1 Rg2 0-1